|
|
|
|
| LEADER |
00000cam a2200000 a 4500 |
| 001 |
vtls010546881 |
| 003 |
SK-MaSNL |
| 005 |
20260302083248.0 |
| 008 |
240313s2013 xo g 000 0 slo |
| 015 |
|
|
|a SNBA2014/02
|
| 020 |
|
|
|a 9788089342518
|q (viaz.)
|
| 035 |
|
|
|a 1E3C4521-A420-4389-AFCA-9933E47BC9D3
|
| 035 |
|
|
|a urn:nbn:sk:snk-amjnwd
|
| 035 |
|
|
|a urn:nbn:sk:snk-am001mkq
|
| 040 |
|
|
|a SNK
|b slo
|c SNK
|e AACR2
|
| 041 |
1 |
|
|a slo
|h eng
|
| 044 |
|
|
|a xo
|c SK
|
| 072 |
|
7 |
|a 27
|x Kresťanstvo. Kresťanská cirkev všeobecne. Ekleziológia
|2 konspekt
|
| 080 |
|
|
|a 27
|2 2001
|
| 080 |
|
|
|a 27-423.79
|2 2001
|
| 080 |
|
|
|a (0:82-32)
|2 2001
|
| 080 |
|
|
|a (0.064)
|2 2001
|
| 080 |
|
|
|a 17.02
|2 2001
|
| 080 |
|
|
|a 27-4
|2 2001
|
| 100 |
1 |
|
|a Eldredge, John,
|d 1960-
|4 aut
|9 208220
|
| 240 |
1 |
0 |
|a Beautiful Outlaw
|l Slovensky
|
| 245 |
1 |
0 |
|a Neodolateľný rebel
|c John Eldredge ; [z anglického ... originálu preložila Zuzana Smatanová]
|
| 250 |
|
|
|a 1. vyd.
|
| 260 |
|
|
|a Bratislava
|b Redemptoristi - Slovo medzi nami
|c 2013
|
| 300 |
|
|
|a 217 s.
|c 22 cm
|
| 600 |
0 |
7 |
|a Ježiš Kristus
|2 SNKMA
|
| 650 |
0 |
7 |
|a kresťanská viera
|2 SNKPH
|9 1712
|
| 650 |
0 |
7 |
|a Sense of life
|2 SNKPHeng
|9 270861
|
| 650 |
0 |
7 |
|a Christian life
|2 SNKPHeng
|9 265582
|
| 650 |
0 |
7 |
|a Christian love
|2 SNKPHeng
|9 332812
|
| 650 |
0 |
7 |
|a Christian faith
|2 SNKPHeng
|9 266204
|
| 650 |
0 |
7 |
|a zmysel života
|2 SNKPH
|9 4977
|
| 650 |
0 |
7 |
|a kresťanský život
|2 SNKPH
|9 1808
|
| 650 |
0 |
7 |
|a kresťanská láska
|2 SNKPH
|9 4352
|
| 655 |
|
7 |
|a výklady
|2 SNKPH
|9 29178
|
| 655 |
|
7 |
|a Expositions
|2 SNKPHeng
|9 132138
|
| 655 |
|
7 |
|a príbehy
|2 SNKPH
|9 70507
|
| 655 |
|
7 |
|a Stories
|2 SNKPHeng
|9 265785
|
| 700 |
1 |
|
|a Smatanová, Zuzana
|4 trl
|9 317417
|
| 852 |
|
|
|a Štátna vedecká knižnica v Banskej Bystrici
|
| 919 |
|
|
|a 978-80-89342-51-8
|
| 958 |
|
|
|a NT
|
| 958 |
|
|
|a OP
|
| 968 |
|
|
|b ENG
|
| 999 |
|
|
|c 1183113
|d 1185043
|
| 952 |
|
|
|a SNK
|b SNK
|y PREZ
|7 0
|p 17A1094516
|o snkSC 157842
|i snk2014/2263
|8 0
|0 0
|1 0
|4 0
|d 2014-01-23
|l 0
|r 2025-08-20 00:00:00
|w 2026-02-24
|
| 952 |
|
|
|a SNK
|b SNK
|y VYP
|7 0
|p 17A1094517
|o snkSC 157842 D1
|i snk2014/2264
|8 0
|0 0
|1 0
|4 0
|d 2014-01-23
|f 1
|l 0
|r 2026-02-24 21:45:40
|w 2026-02-24
|